Vista normal Vista MARC

Entrada Término temático

Número de registros utilizados en: 46

001 - NÚMERO DE CONTROL

  • campo de control: 2383

003 - IDENTIFICADOR DE NÚMERO DE CONTROL

  • campo de control: PE-LiUPU

005 - FECHA Y HORA DE LA ÚLTIMA TRANSACCIÓN

  • campo de control: 20240619093649.0

008 - ELEMENTOS DE DATO DE LONGITUD-FIJA

  • campo de control de longitud fija: 230918|| aca||babn | a|a d

040 ## - FUENTE DE CATALOGACIÓN

  • Centro catalogador/agencia de origen: PE-LiUPU

150 ## - ENCABEZAMIENTO--TÉRMINO DE MATERIA

  • Término de materia o nombre geográfico como elemento de entrada: Matrimonio